| 000 | 00000nam##2200000za#4500 |
| 001 | 9.688650 |
| 003 | CaOODSP |
| 005 | 20210624231528 |
| 007 | cr ||||||||||| |
| 008 | 150407|2002||||xxc|||||o f|0| 0 eng|d |
| 040 | |aCaOODSP|beng |
| 043 | |an-cn--- |
| 086 | 1 |aSW21-149/2002E-PDF |
| 110 | 1 |aCanada. |bStatus of Women Canada. |
| 245 | 10|aGender-based analysis / gender mainstreaming : |h[electronic resource]|bannotated bibliography |
| 260 | |aOttawa - Ontario : |bStatus of Women Canada |c2002. |
| 300 | |a54p. |
| 590 | |a06-10-Supp|b2006-12-15 |
| 690 | 07|aGender equality|2gcpds |
| 690 | 07|aMen|2gcpds |
| 690 | 07|aPolicy development|2gcpds |
| 690 | 07|aPolicy review|2gcpds |
| 690 | 07|aWomen|2gcpds |
| 775 | 08|tAnalyse comparative entre les sexes / l'intégration des considérations lié à l'égalité des sexes : |w(CaOODSP)9.633071 |
| 856 | 40|ahttp://publications.gc.ca|qPDF|s257 KB|uhttps://publications.gc.ca/collections/Collection/SW21-149-2002E.pdf |